Codice di procedura civile e leggi complementari: con il commento della giurisprudenza della cassazione
Guardat en:
| Autors principals: | , |
|---|---|
| Format: | Llibre |
| Idioma: | italià |
| Publicat: |
Milán
Dott. A. Giuffre
1965
|
| Edició: | 4a. ed |
| Matèries: | |
| Etiquetes: |
Afegir etiqueta
Sense etiquetes, Sigues el primer a etiquetar aquest registre!
|
MARC
| LEADER | 00000nam a2200000 a 4500 | ||
|---|---|---|---|
| 001 | UCS1057 | ||
| 003 | CL-VaPUC | ||
| 008 | 970509e19650000IT |||||||||||||||||ita|d | ||
| 082 | 0 | 4 | |a 347.45 |b BAT |2 21 |
| 100 | 0 | |a Battaglini, Mario |e author |9 385088 | |
| 700 | 0 | |a Novelli, Tommaso |e author |9 385089 | |
| 245 | 1 | 0 | |a Codice di procedura civile e leggi complementari: con il commento della giurisprudenza della cassazione |
| 250 | |a 4a. ed | ||
| 300 | |a 1357 p | ||
| 942 | |c BK | ||
| 945 | |d 19970509 00:00:00 |a cmena | ||
| 260 | |a Milán |b Dott. A. Giuffre |c 1965 | ||
| 650 | 0 | |a Código civil |9 256135 | |
| 650 | 0 | |a Procedimiento civil |9 254870 | |
| 650 | 7 | |a LEGISLACION |2 CL-VaPUC |9 385090 | |
| 650 | 0 | |a Jurisprudencia |9 255952 | |
| 650 | 0 | |a Justicia |9 255408 | |
| 651 | 0 | |a Italia |9 254949 | |
| 583 | |a last modification |c 19970509 00:00:00 |k Rodrigo Vera | ||
| 999 | |c 259168 |d 259166 | ||
| 952 | |0 0 |1 0 |4 0 |6 347_450000000000000_BAT_1965 |7 0 |8 A |9 283762 |a BIBDER |b BIBDER |d 2019-11-19 |i 1842315 |o 347.45 BAT 1965 |p 1842315 |r 2023-01-25 |w 2019-11-19 |y BK |k DER | ||